Fragmentos y testimonios
Guardat en:
| Autors principals: | , |
|---|---|
| Format: | Llibre |
| Idioma: | espanyol |
| Publicat: |
Buenos Aires
Aguilar
1980
|
| Edició: | 3a. ed |
| Col·lecció: | Biblioteca de Iniciación Filosófica
|
| Matèries: | |
| Etiquetes: |
Afegir etiqueta
Sense etiquetes, Sigues el primer a etiquetar aquest registre!
|
MARC
| LEADER | 00000nam a2200000 a 4500 | ||
|---|---|---|---|
| 001 | UCP9308 | ||
| 003 | CL-VaPUC | ||
| 008 | 000324e19800000AG |||||||||||||||||spa|d | ||
| 082 | 0 | 4 | |a 183.1 |b PRO |2 21 |
| 100 | 0 | |a Prodico |e author |9 439794 | |
| 700 | 0 | |a Hippias |e author |9 439795 | |
| 245 | 1 | 0 | |a Fragmentos y testimonios |
| 250 | |a 3a. ed | ||
| 300 | |a 156 p | ||
| 942 | |c BK | ||
| 945 | |d 20000324 00:00:00 |a crobeson | ||
| 260 | |a Buenos Aires |b Aguilar |c 1980 | ||
| 650 | 7 | |a SOFISTAS |2 CL-VaPUC |9 439796 | |
| 650 | 0 | |a Filosofía griega |9 265579 | |
| 650 | 0 | |a Filosofía antigua |9 255705 | |
| 583 | |a last modification |c 20000324 00:00:00 |k Rodrigo Vera | ||
| 490 | 0 | |a Biblioteca de Iniciación Filosófica | |
| 999 | |c 286134 |d 286132 | ||
| 952 | |0 0 |1 0 |4 0 |6 183_100000000000000_PRO_1980 |7 0 |8 A |9 331589 |a BIBHIS |b BIBHIS |d 2019-11-20 |i 1397273 |o 183.1 PRO 1980 |p 1397273 |r 2025-01-20 |w 2019-11-20 |y BK |k HIS | ||